00422nam a2200169Ia 4500008004100000020001800041041000800059082001200067100001200079245003500091260004400126300000900170500002300179500002300202650001500225700001200240230125s9999 xx 000 0 und d a81-7381-276-4 aeng a658.404 aGhosh S aProject management and control c1997bNew Central Book AgencyaCalcutta a378p aProject management aProject management aManagement aGhosh S